000 00342 a2200157 4500
001 156455
020 _a9788508147007
040 _cEscola São Tomás de Aquino
100 _aMARCHEZI, Vera
240 1 0 _aProjeto Ápis
_lpor
245 1 0 _aProjeto Ápis
300 _a304
362 0 _a2011
697 _aLíngua portuguesa
942 _cBK
999 _c156455
_d156455